• 首页
  • 本馆介绍
  • 公告通知
  • 最新文献
  • 馆藏检索
  • 电子资源
  • 读者导购
  • 参考咨询
  • 我的图书馆
  • 登录
  • 详细信息显示
  • 放入我的书架
  • 预约/预借图书
  • 作者相关作品
  • 分类相关作品
  • 丛书相关作品
  • 出版社相关作品

书目信息

  • 表格格式
  • 工作单格式
  • 卡片格式
题名:
引进国外番茄新品种及栽培技术
    
 
作者: 徐坤 , 潘子龙 主编 ;胡永军 , 陈永智 编著
分册:  
出版信息: 北京   金盾出版社  2008
页数: 115, 24页图版
开本: 20cm
丛书名: 引进蔬菜新品种丛书
单 册:
中图分类: S641.2
科图分类:
主题词: 番茄--优良品种--外国 , 番茄--栽培
电子资源:
ISBN: 978-7-5082-3958-3
000 01087nam 2200289 450
001 2359863877
005 20231214155938.85
010    @a978-7-5082-3958-3@dCNY8.00
100    @a20060104d2008 emky0chiy50 ea
101 0  @achi
102    @aCN@b110000
105    @aaf z 000yy
200 1  @a引进国外番茄新品种及栽培技术@Ayin jin guo wai fan qie xin pin zhong ji zai pei ji shu@f主编徐坤, 潘子龙@g编著者胡永军, 陈永智, 徐坤
210    @a北京@c金盾出版社@d2008
215    @a115, 24页图版@c彩图@d20cm
225 2  @a引进蔬菜新品种丛书@Ayin jin shu cai xin pin zhong cong shu
330    @a本书对近年来从国外引进的番茄新品种中优选, 遴选出80个性状优异且在生产中表现良好、取得优质高效的番茄品种, 具体地介绍了品种来源、特征特性合栽培要点。
410  0 @12001 @a引进蔬菜新品种丛书
606 0  @a番茄@x优良品种@y外国
606 0  @a番茄@x栽培
690    @aS641.2@v5
701  0 @a徐坤@Axu kun@4主编
701  0 @a潘子龙@Apan zi long@4主编
702  0 @a胡永军@Ahu yong jun@4编著
702  0 @a陈永智@Achen yong zhi@4编著
801  0 @aCN@b湖北三新@c20090616
905    @aZUCC@dS641.2@e112
    
    引进国外番茄新品种及栽培技术/主编徐坤, 潘子龙/编著者胡永军, 陈永智, 徐坤.-北京:金盾出版社,2008
    115, 24页图版:彩图;20cm.-(引进蔬菜新品种丛书)
    
    
    ISBN 978-7-5082-3958-3:CNY8.00
    本书对近年来从国外引进的番茄新品种中优选, 遴选出80个性状优异且在生产中表现良好、取得优质高效的番茄品种, 具体地介绍了品种来源、特征特性合栽培要点。
●
相关链接 在五车中查询图书 在当当中查询图书 在豆瓣中查询图书


正题名:引进国外番茄新品种及栽培技术     索取号:S641.2/112         预约/预借

序号 登录号 条形码 馆藏地/架位号 状态 备注
1 2001420737   2001420737   617书库/ [索取号:S641.2/112] 在馆    
2 2001420738   2001420738   617书库/ [索取号:S641.2/112] 在馆    
3 2001420739   2001420739   617书库/ [索取号:S641.2/112] 在馆    
4 2001420740   2001420740   617书库/ [索取号:S641.2/112] 在馆    
5 2001420741   2001420741   617书库/ [索取号:S641.2/112] 在馆    
6 2001420742   2001420742   617书库/ [索取号:S641.2/112] 在馆    
7 2001420743   2001420743   617书库/ [索取号:S641.2/112] 在馆    
8 2001420744   2001420744   617书库/ [索取号:S641.2/112] 在馆    
9 2001420745   2001420745   617书库/ [索取号:S641.2/112] 在馆    
10 2001420746   2001420746   617书库/ [索取号:S641.2/112] 在馆    
11 2001420747   2001420747   617书库/ [索取号:S641.2/112] 在馆    
12 2001420748   2001420748   617书库/ [索取号:S641.2/112] 在馆    
13 2001420749   2001420749   617书库/ [索取号:S641.2/112] 在馆    
14 2001420750   2001420750   617书库/ [索取号:S641.2/112] 在馆    
15 2001420751   2001420751   617书库/ [索取号:S641.2/112] 在馆    
16 2001420752   2001420752   617书库/ [索取号:S641.2/112] 在馆    
17 2001420753   2001420753   617书库/ [索取号:S641.2/112] 在馆    
18 2001420754   2001420754   617书库/ [索取号:S641.2/112] 在馆    
19 2001420755   2001420755   617书库/ [索取号:S641.2/112] 在馆    
20 2001420756   2001420756   617书库/ [索取号:S641.2/112] 在馆    
21 2001420757   2001420757   617书库/ [索取号:S641.2/112] 在馆    
22 2001420758   2001420758   617书库/ [索取号:S641.2/112] 在馆    
23 2001420759   2001420759   617书库/ [索取号:S641.2/112] 在馆    
24 2001420760   2001420760   617书库/ [索取号:S641.2/112] 在馆    
25 2001420761   2001420761   617书库/ [索取号:S641.2/112] 在馆    
26 2001420762   2001420762   617书库/ [索取号:S641.2/112] 在馆    
27 2001420763   2001420763   617书库/ [索取号:S641.2/112] 在馆    
28 2001420764   2001420764   617书库/ [索取号:S641.2/112] 在馆    
29 2001420765   2001420765   617书库/ [索取号:S641.2/112] 在馆    
30 2001420766   2001420766   617书库/ [索取号:S641.2/112] 在馆    
山东省滨州职业学院图书馆 欢迎您!
大连网信软件有限公司© 版权所有